| 000 | 00404 a2200169 4500 | ||
|---|---|---|---|
| 001 | 066529 | ||
| 003 | OSt | ||
| 005 | 20211001103829.0 | ||
| 008 | |||
| 082 |
_a823 _bD45M |
||
| 100 | 1 | _aDeshpandey, Shashi | |
| 245 | 1 |
_aMoving on _cby Shashi Deshpandey |
|
| 260 |
_aNew Delhi _bPenguin _c2008 |
||
| 300 | _a343p. | ||
| 690 | _aIndic fiction (English) | ||
| 942 |
_2ddc _cBK |
||
| 999 |
_c574 _d574 |
||